مكتبة جامعة عجلون الوطنية

فهرس بحث المكتبة

Normal view MARC view
  • العقيدة الاسلامية-رسائل الامام الغزالي

Entry Topical Term

Number of records used in: 1

001 - CONTROL NUMBER

  • control field: 10159

003 - CONTROL NUMBER IDENTIFIER

  • control field: JO-AjAnu

005 - DATE AND TIME OF LATEST TRANSACTION

  • control field: 20230606071930.0

008 - FIXED-LENGTH DATA ELEMENTS

  • fixed length control field: 230606|| aca||aabn | a|a d

040 ## - CATALOGING SOURCE

  • Original cataloging agency: JO-AjAnu
  • Transcribing agency: JO-AjAnu

150 ## - HEADING--TOPICAL TERM

  • Topical term or geographic name entry element: العقيدة الاسلامية-رسائل الامام الغزالي

670 ## - SOURCE DATA FOUND

  • Source citation: Work cat.: (JO-AjAnu)5233: الغزالي،ابي حامد محمد بن محمد, author 10158, مجموعة رسائل الإمام الغزالي:روضة الطالبين وعمدة السالكين-قواعد العقائد في التوحيد-خلاصة التصانيف في التصوف